| 000 | 00554nam a22001937a 4500 | ||
|---|---|---|---|
| 003 | BUBTL | ||
| 008 | 180116b xxu||||| |||| 00| 0 eng d | ||
| 020 | _a978-984-90586-9-4 | ||
| 082 | _a340ALC | ||
| 100 |
_91761 _aAl Masud,Abdullah |
||
| 245 |
_aA Compilation Of Legal Practitioners And Bar Council Laws : _cAbdullah Al Masud |
||
| 250 | _a1st ed. | ||
| 260 |
_aDhaka : _bMuhit Publications, _cc2014 |
||
| 300 |
_a323 p. : _c21 cm. |
||
| 650 | 0 |
_926 _aLaw |
|
| 856 |
_k0 _l0 _yDownload |
||
| 942 |
_2ddc _cBK |
||
| 999 |
_c5659 _d5659 |
||